| 000 | 00484nam a2200145Ia 4500 | ||
|---|---|---|---|
| 008 | 100122s9999 xx 000 0 und d | ||
| 082 |
_b20937 _a922.945 |
||
| 100 | _aकरंदीकर ज स | ||
| 245 | _aश्री समर्थ चरित्र | ||
| 260 |
_bसमर्थ सेवा मंडळ _c1954 |
||
| 300 | _a159 | ||
| 630 | _aश्री समर्थ चरित्र | ||
| 730 | _aश्री समर्थ चरित्र | ||
| 942 | _cBOOK | ||
| 999 |
_c409234 _d409231 |
||